[Event "Amagermesterskabet Gruppe 2 2014"]
[Site "Sundbyoster"]
[Date "2014.08.19"]
[Round "1"]
[White "Lundborg, Jakob"]
[Black "Petersen, Tobias Christian"]
[Result "1-0"]
[WhiteElo "1656"]
[BlackElo "1629"]
[PlyCount "66"]
[EventDate "2014.??.??"]

1. d4 f5 2. Nc3 d5 3. Bg5 Nf6 4. Bxf6 exf6 5. e3 Be6 6. Bd3 c6 7. Nge2 g6 8.
Qd2 a5 9. a3 Bd6 10. Nf4 Bf7 11. Qe2 O-O 12. h4 Bxf4 13. Qf3 Bc7 14. h5 Kg7 15.
g4 fxg4 16. Qxg4 Qe8 17. O-O-O Be6 18. Qg2 g5 19. e4 Qf7 20. Ne2 h6 21. f4 dxe4
22. Bxe4 Nd7 23. Bg6 Qe7 24. Rde1 Bd5 25. Ng3 Qd8 26. Nf5+ Kh8 27. Qf2 Bxf4+
28. Kb1 Bf7 29. Nxh6 Bxg6 30. hxg6 Kg7 31. Qf3 Re8 32. Nf5+ Kxg6 33. Qh5+ Kxf5
1-0

[Event "Amagermesterskabet Gruppe 2 2014"]
[Site "Sundbyoster"]
[Date "2014.08.19"]
[Round "1"]
[White "Petersen, Christian Skibsted"]
[Black "Haugaard, Thomas"]
[Result "1-0"]
[WhiteElo "1520"]
[BlackElo "1639"]
[PlyCount "65"]
[EventDate "2014.??.??"]

1. d4 d5 2. Nf3 Nf6 3. g3 Bf5 4. Bg2 e6 5. c4 dxc4 6. Qa4+ c6 7. Qxc4 Nbd7 8.
b4 Nb6 9. Qb3 Nbd5 10. a3 h6 11. Nc3 Nxc3 12. Qxc3 Nd5 13. Qb3 Be4 14. O-O Qb6
15. e3 Be7 16. Nd2 Bxg2 17. Kxg2 a5 18. Nc4 Qb5 19. Bd2 O-O 20. a4 Qa6 21. b5
cxb5 22. axb5 a4 23. bxa6 axb3 24. axb7 Rab8 25. e4 Nb4 26. Na5 Nd3 27. Rab1 b2
28. Rfd1 Ba3 29. Be3 Bb4 30. Rxd3 Bxa5 31. Rxb2 g5 32. d5 Rbd8 33. d6 1-0

[Event "Amagermesterskabet Gruppe 2 2014"]
[Site "Sundbyoster"]
[Date "2014.08.19"]
[Round "1"]
[White "Nielsen, Angelo"]
[Black "Pedersen, Thorben Landstrom"]
[Result "1-0"]
[WhiteElo "1566"]
[BlackElo "1623"]
[PlyCount "71"]
[EventDate "2014.??.??"]

1. d4 d5 2. c4 e6 3. Nc3 c5 4. Nf3 dxc4 5. e3 cxd4 6. exd4 Qc7 7. Qa4+ Bd7 8.
Qxc4 Qxc4 9. Bxc4 a6 10. O-O Nf6 11. d5 exd5 12. Nxd5 Nxd5 13. Bxd5 Bc6 14.
Re1+ Be7 15. Bb3 Bxf3 16. gxf3 Nc6 17. Bg5 f6 18. Be3 Ne5 19. Kg2 g5 20. Re2
Rd8 21. Rc1 Kf8 22. Rc7 Rd7 23. Rec2 Bd6 24. Rc8+ Kg7 25. Rxh8 Kxh8 26. Rc8+
Kg7 27. Rg8+ Kh6 28. h4 Ng6 29. hxg5+ fxg5 30. Kh3 Be5 31. Kg4 Bf4 32. Be6 Ne5+
33. Kf5 Nc6 34. Bxd7 Ne7+ 35. Kf6 Nxg8+ 36. Kf7 1-0

[Event "Amagermesterskabet Gruppe 2 2014"]
[Site "Sundbyoster"]
[Date "2014.08.19"]
[Round "1"]
[White "Tolba, Henri"]
[Black "Pedersen, Kim Michael"]
[Result "1-0"]
[WhiteElo "1493"]
[BlackElo "1640"]
[PlyCount "75"]
[EventDate "2014.??.??"]

1. e4 e5 2. Nf3 Nf6 3. Nxe5 Nc6 4. Nxc6 dxc6 5. Qe2 Bc5 6. d3 Bg4 7. f3 Be6 8.
Be3 Bb6 9. a4 O-O 10. a5 Bxe3 11. Qxe3 Nh5 12. Nc3 f5 13. O-O-O f4 14. Qc5 Nf6
15. d4 Nd7 16. Qb4 b6 17. Bc4 Bf7 18. Bxf7+ Rxf7 19. e5 Qe7 20. Qc4 Nb8 21.
Rhe1 b5 22. Qb3 Na6 23. Ne4 Nb4 24. g3 Nd5 25. gxf4 Rxf4 26. Rg1 Raf8 27. Nf6+
R8xf6 28. exf6 Qxf6 29. Rg3 Qh6 30. Kb1 Qf6 31. Qd3 g6 32. Qe2 Qh4 33. c3 Qd8
34. Qe6+ Kg7 35. Qe5+ Kf8 36. Qh8+ Ke7 37. Qxh7+ Rf7 38. Re1+ 1-0

[Event "Amagermesterskabet Gruppe 2 2014"]
[Site "Sundbyoster"]
[Date "2014.08.26"]
[Round "2"]
[White "Nielsen, Angelo"]
[Black "Lundborg, Jakob"]
[Result "0-1"]
[WhiteElo "1566"]
[BlackElo "1656"]
[PlyCount "82"]
[EventDate "2014.??.??"]

1. d4 d5 2. c4 dxc4 3. Nc3 a6 4. a4 Nc6 5. Nf3 Nf6 6. e4 Bg4 7. Be3 e5 8. d5
Na5 9. Be2 Bb4 10. Nxe5 Bxe2 11. Qxe2 Nxe4 12. O-O Nxc3 13. bxc3 Bxc3 14. Bc5
Qxd5 15. Nc6+ Qe6 16. Qxe6+ fxe6 17. Rac1 Nxc6 18. Rxc3 b6 19. Ba3 b5 20. Re1
O-O-O 21. axb5 axb5 22. Bc1 Rd3 23. Rxd3 cxd3 24. Rxe6 Nd4 25. Re1 Ne2+ 26. Kf1
Nxc1 27. Rxc1 d2 28. Rd1 Rd8 29. Ke2 c5 30. f4 c4 31. Rxd2 Rxd2+ 32. Kxd2 Kd8
33. Kc3 Kd7 34. g4 Ke6 35. Kd4 g6 36. h3 h5 37. Ke4 b4 38. Kd4 b3 39. Kc3 Kd5
40. f5 gxf5 41. gxf5 Ke5 0-1

[Event "Amagermesterskabet Gruppe 2 2014"]
[Site "Sundbyoster"]
[Date "2014.08.26"]
[Round "2"]
[White "Petersen, Tobias Christian"]
[Black "Petersen, Christian Skibsted"]
[Result "0-1"]
[WhiteElo "1629"]
[BlackElo "1520"]
[PlyCount "96"]
[EventDate "2014.??.??"]

1. b3 c5 2. f4 Nc6 3. Bb2 d5 4. Nf3 Bf5 5. e3 Nf6 6. Bb5 a6 7. Bxc6+ bxc6 8.
O-O g6 9. Nh4 Bg7 10. Nxf5 gxf5 11. d4 cxd4 12. Bxd4 Qd6 13. Nd2 c5 14. Be5 Qb6
15. Qe2 O-O 16. c4 Rad8 17. cxd5 Rxd5 18. Nc4 Qb7 19. Rf3 Ne4 20. Rh3 Qc6 21.
Bxg7 Kxg7 22. Ne5 Qf6 23. Rd1 Nc3 24. Qh5 Rxd1+ 25. Kf2 Ne4+ 26. Kf3 Rf1+ 27.
Ke2 Rf2+ 28. Ke1 h6 29. g4 Qd6 30. Nd3 Qg6 31. Qxg6+ fxg6 32. Nxf2 Nxf2 33.
Kxf2 fxg4 34. Rg3 h5 35. Ke2 Rd8 36. Rg1 e5 37. Rc1 exf4 38. exf4 Rd5 39. Ke3
Kf6 40. a3 a5 41. Ke4 Ke6 42. Rc3 Rd4+ 43. Ke3 Kd5 44. Rd3 Rxd3+ 45. Kxd3 h4
46. Ke3 c4 47. b4 axb4 48. axb4 Kc6 0-1

[Event "Amagermesterskabet Gruppe 2 2014"]
[Site "Sundbyoster"]
[Date "2014.08.26"]
[Round "2"]
[White "Haugaard, Thomas"]
[Black "Tolba, Henri"]
[Result "1/2-1/2"]
[WhiteElo "1639"]
[BlackElo "1493"]
[PlyCount "63"]
[EventDate "2014.??.??"]

1. c4 Nf6 2. g3 c6 3. Bg2 d5 4. Nf3 dxc4 5. Na3 Be6 6. O-O Nbd7 7. Qc2 g6 8.
Nxc4 Bxc4 9. Qxc4 Nb6 10. Qh4 Bg7 11. d3 Nh5 12. Rd1 Bf6 13. Qb4 Qd6 14. Qb3
O-O 15. Nd2 Qd4 16. Ne4 Qa4 17. Nxf6+ Nxf6 18. Qxa4 Nxa4 19. Bd2 Nb6 20. e4 e6
21. Bb4 Rfe8 22. b3 Rad8 23. d4 Rd7 24. a4 Nc8 25. Bc3 Nh5 26. Bf3 Ng7 27. Rac1
Ne7 28. Bb4 a6 29. Bxe7 Rdxe7 30. d5 exd5 31. exd5 cxd5 32. Bxd5 1/2-1/2

[Event "Amagermesterskabet Gruppe 2 2014"]
[Site "Sundbyoster"]
[Date "2014.08.26"]
[Round "2"]
[White "Pedersen, Thorben Landstrom"]
[Black "Pedersen, Kim Michael"]
[Result "0-1"]
[WhiteElo "1623"]
[BlackElo "1640"]
[PlyCount "120"]
[EventDate "2014.??.??"]

1. e4 e5 2. d3 Nc6 3. c3 Bc5 4. Be2 d5 5. exd5 Qxd5 6. Bf3 Qd6 7. a4 a6 8. Nd2
Qxd3 9. Ne2 Nf6 10. O-O Qg6 11. Ng3 Be6 12. Re1 O-O 13. Nde4 Nxe4 14. Nxe4 Bb6
15. Bh5 Bb3 16. Qxb3 Qxh5 17. Be3 Bxe3 18. Rxe3 Rad8 19. Rg3 Kh8 20. Re1 Qf5
21. Rf3 Qg6 22. h3 b6 23. Qc4 f5 24. Rg3 Qe8 25. Ng5 Rf6 26. Rd3 Rxd3 27. Qxd3
h6 28. Nf3 Qc8 29. Nxe5 Nxe5 30. Rxe5 a5 31. Qb5 Kh7 32. Re8 Qb7 33. Qd7 Rg6
34. f3 Qxf3 35. Qd2 Qxh3 36. Qd5 Rg4 37. Qg8+ Kg6 38. Re6+ Kh5 39. Qf7+ g6 40.
Re2 Qg3 41. Rf2 Qe3 42. Qxc7 Qc1+ 43. Rf1 Qxb2 44. Qc6 Re4 45. Qd6 Kg4 46. Qd1+
Qe2 47. Qd6 Qe3+ 48. Rf2 Kh5 49. Qd1+ Kg5 50. Qd8+ Re7 51. c4 Qc5 52. Qd2+ Kf6
53. Qc3+ Kf7 54. Kf1 Qe3 55. Qa1 Qd3+ 56. Kg1 Qxc4 57. Rd2 Qc5+ 58. Kh1 Qe5 59.
Qa2+ Kg7 60. Rd8 Qe1+ 0-1

[Event "Amagermesterskabet Gruppe 2 2014"]
[Site "Sundbyoster"]
[Date "2014.09.02"]
[Round "3"]
[White "Lundborg, Jakob"]
[Black "Pedersen, Thorben Landstrom"]
[Result "0-1"]
[WhiteElo "1656"]
[BlackElo "1623"]
[PlyCount "89"]
[EventDate "2014.??.??"]

1. d4 d5 2. Nf3 e6 3. c4 Nf6 4. Nc3 Bb4 5. Bg5 dxc4 6. Qa4+ Nc6 7. e3 Bd7 8.
Qc2 h6 9. Bf4 Nd5 10. Bg3 O-O 11. Bxc4 Nb6 12. Bd3 Nd5 13. O-O Bxc3 14. bxc3
Nce7 15. e4 Nb6 16. Qd2 Ng6 17. Ne5 Nxe5 18. Bxe5 Bc6 19. Qf4 Rc8 20. Qg3 g5
21. h4 Kh7 22. hxg5 hxg5 23. d5 Bd7 24. Bd4 f5 25. dxe6 Bxe6 26. Qh3+ Kg6 27.
g4 fxg4 28. e5+ Bf5 29. Bxf5+ Rxf5 30. Qxg4 Nd5 31. Rad1 Qg8 32. Rfe1 Nf4 33.
Be3 Rcf8 34. Rd7 Rxe5 35. Red1 Qc4 36. R7d2 Qc6 37. Rd4 Rh8 38. f3 Ne2+ 39. Kg2
Rxe3 40. Rd5 Nf4+ 41. Kg3 Nxd5 42. Qd4 Qd6+ 43. Kf2 Qh2+ 44. Kf1 Rxf3+ 45. Ke1
0-1

[Event "Amagermesterskabet Gruppe 2 2014"]
[Site "Sundbyoster"]
[Date "2014.09.02"]
[Round "3"]
[White "Petersen, Christian Skibsted"]
[Black "Nielsen, Angelo"]
[Result "1-0"]
[WhiteElo "1520"]
[BlackElo "1566"]
[PlyCount "83"]
[EventDate "2014.??.??"]

1. d4 Nf6 2. Nf3 d6 3. g3 c6 4. Bg2 g6 5. O-O Bg7 6. c4 O-O 7. Nc3 Nbd7 8. e4
e5 9. Bg5 Re8 10. Re1 h6 11. Be3 Ng4 12. Qd2 Nxe3 13. Qxe3 Qb6 14. Na4 Qc7 15.
d5 Nb6 16. Nxb6 axb6 17. Nd2 c5 18. Nb1 g5 19. Nc3 f5 20. exf5 Bxf5 21. Be4 Rf8
22. a3 Rf6 23. Qd3 Raf8 24. Bxf5 Rxf5 25. Ne4 Qd7 26. h3 R8f7 27. b4 Rf3 28.
Re3 g4 29. hxg4 Qxg4 30. Kg2 Rxe3 31. Qxe3 Qg6 32. bxc5 bxc5 33. Rb1 h5 34. Rb6
Bh6 35. Rxd6 Qxd6 36. Nxd6 Bxe3 37. Nxf7 e4 38. Nd6 Bc1 39. a4 e3 40. fxe3 Bxe3
41. Nxb7 Kf8 42. a5 1-0

[Event "Amagermesterskabet Gruppe 2 2014"]
[Site "Sundbyoster"]
[Date "2014.09.02"]
[Round "3"]
[White "Tolba, Henri"]
[Black "Petersen, Tobias Christian"]
[Result "1/2-1/2"]
[WhiteElo "1493"]
[BlackElo "1629"]
[PlyCount "113"]
[EventDate "2014.??.??"]

1. e4 Nf6 2. e5 Nd5 3. d4 d6 4. Nf3 g6 5. c4 Nb6 6. exd6 cxd6 7. Be3 Bg7 8. Qd2
O-O 9. Bh6 Bg4 10. Bxg7 Kxg7 11. Qf4 Bxf3 12. Qxf3 Nc6 13. Qc3 d5 14. b3 e6 15.
Nd2 Qf6 16. Nf3 Rac8 17. c5 Nd7 18. Bb5 a6 19. Bxc6 Rxc6 20. Rc1 Re8 21. O-O e5
22. Nxe5 Nxe5 23. dxe5 Qxe5 24. Qb4 Qc7 25. Qd4+ Qe5 26. Qb4 Re7 27. Rfe1 Qc7
28. Rxe7 Qxe7 29. Qd4+ f6 30. b4 a5 31. a3 axb4 32. axb4 Qe5 33. Rd1 Re6 34. g3
b6 35. Qxd5 bxc5 36. bxc5 Qxd5 37. Rxd5 Rc6 38. Kg2 Ra6 39. Rd7+ Kf8 40. Kf3
Re6 41. Rc7 h5 42. c6 Ke8 43. Rg7 Rxc6 44. Rxg6 Kf7 45. Rh6 Rc5 46. Rh8 Kg7 47.
Ra8 Rc4 48. Rd8 Kg6 49. Rd5 h4 50. g4 Rc3+ 51. Kf4 Rh3 52. Rd6 Rxh2 53. f3 Rg2
54. Rd5 h3 55. Rh5 h2 56. Rh8 Kg7 57. Rh4 1/2-1/2

[Event "Amagermesterskabet Gruppe 2 2014"]
[Site "Sundbyoster"]
[Date "2014.09.09"]
[Round "4"]
[White "Lundborg, Jakob"]
[Black "Petersen, Christian Skibsted"]
[Result "0-1"]
[WhiteElo "1656"]
[BlackElo "1520"]
[PlyCount "110"]
[EventDate "2014.??.??"]

1. d4 e6 2. Nf3 d5 3. c4 Nf6 4. Nc3 c6 5. cxd5 exd5 6. Qc2 Bd6 7. Bg5 h6 8.
Bxf6 Qxf6 9. e3 Bf5 10. Bd3 Bxd3 11. Qxd3 Nd7 12. a3 Bc7 13. Rc1 O-O 14. Nxd5
Ba5+ 15. Nc3 Rad8 16. O-O Qe7 17. b4 Bc7 18. h3 Ne5 19. Nxe5 Qxe5 20. g3 Qg5
21. Ne2 Rfe8 22. Rc5 Qe7 23. Rfc1 Bb6 24. R5c4 Rd6 25. Nf4 a6 26. a4 Red8 27.
Qe2 g5 28. Qg4 Kh8 29. Nd3 f6 30. Qh5 Kg7 31. Kg2 Qe4+ 32. Kg1 Qxd3 33. h4 Qg6
34. Qg4 h5 35. Qf3 gxh4 36. Kh2 hxg3+ 37. fxg3 Rh8 38. b5 Qg4 39. Qxg4+ hxg4+
40. Kg2 axb5 41. axb5 cxb5 42. Rb4 Rc6 43. Rxc6 bxc6 44. d5 cxd5 45. Rxb5 Bxe3
46. Rxd5 Kg6 47. Rd3 Bc1 48. Rc3 Bb2 49. Rb3 Be5 50. Rd3 Rh3 51. Rb3 Rxg3+ 52.
Rxg3 Bxg3 53. Kxg3 Kg5 54. Kf2 Kf4 55. Kg2 g3 0-1

[Event "Amagermesterskabet Gruppe 2 2014"]
[Site "Sundbyoster"]
[Date "2014.09.09"]
[Round "4"]
[White "Nielsen, Angelo"]
[Black "Tolba, Henri"]
[Result "1/2-1/2"]
[WhiteElo "1566"]
[BlackElo "1493"]
[PlyCount "137"]
[EventDate "2014.??.??"]

1. f4 d5 2. Nf3 c5 3. e3 Nf6 4. d3 Nc6 5. Be2 e6 6. O-O g6 7. b3 Bg7 8. Bb2 O-O
9. h3 b6 10. Ne5 Qc7 11. Nxc6 Qxc6 12. Be5 Bb7 13. Bf3 Qd7 14. Qe1 Ne8 15. Bxg7
Nxg7 16. Nd2 Nf5 17. g4 Nd6 18. Qh4 f5 19. Rad1 Rae8 20. c4 dxc4 21. Nxc4 Nxc4
22. dxc4 Qe7 23. Qxe7 Rxe7 24. Bxb7 Rxb7 25. Rd6 Re8 26. Rfd1 Kf8 27. Rd7 Rxd7
28. Rxd7 Re7 29. Rd8+ Kf7 30. Kf2 e5 31. g5 e4 32. h4 Kg7 33. Rd6 Rf7 34. a4
Rb7 35. Ke2 Kf7 36. h5 Ke7 37. Rf6 Rd7 38. hxg6 hxg6 39. Rxg6 Rd3 40. Rg7+ Kf8
41. Rxa7 Rxb3 42. a5 bxa5 43. Rxa5 Rb2+ 44. Ke1 Rb3 45. Kf2 Rb2+ 46. Ke1 Rb1+
47. Kd2 Rb2+ 48. Kc3 Re2 49. Rxc5 Rxe3+ 50. Kd4 Rd3+ 51. Ke5 Rd8 52. Kxf5 e3
53. g6 Re8 54. Kf6 e2 55. Rh5 Re6+ 56. Kxe6 e1=Q+ 57. Kf5 Qb1+ 58. Kg5 Qg1+ 59.
Kh6 Kg8 60. c5 Qg4 61. f5 Qf4+ 62. Rg5 Qh4+ 63. Rh5 Qf6 64. c6 Qxc6 65. Kg5
Qg2+ 66. Kf4 Qd2+ 67. Kg4 Qd4+ 68. Kg5 Qe5 69. Rh7 1/2-1/2

[Event "Amagermesterskabet Gruppe 2 2014"]
[Site "Sundbyoster"]
[Date "2014.09.09"]
[Round "4"]
[White "Pedersen, Thorben Landstrom"]
[Black "Haugaard, Thomas"]
[Result "1-0"]
[WhiteElo "1623"]
[BlackElo "1639"]
[PlyCount "41"]
[EventDate "2014.??.??"]

1. e4 c6 2. d4 d5 3. exd5 cxd5 4. Bd3 Nc6 5. c3 Qc7 6. Ne2 Bg4 7. f3 Bd7 8. Bf4
e5 9. Bg3 Bd6 10. O-O Nge7 11. Nd2 O-O 12. Qc2 Ng6 13. Bxg6 hxg6 14. Rad1 Bf5
15. Qb3 Bd3 16. Rfe1 Na5 17. Qxd5 Bc4 18. Nxc4 Nxc4 19. Qb5 Ne3 20. dxe5 Nxd1
21. exd6 1-0

[Event "Amagermesterskabet Gruppe 2 2014"]
[Site "Sundbyoster"]
[Date "2014.09.09"]
[Round "4"]
[White "Petersen, Tobias Christian"]
[Black "Pedersen, Kim Michael"]
[Result "1-0"]
[WhiteElo "1629"]
[BlackElo "1640"]
[PlyCount "67"]
[EventDate "2014.??.??"]

1. e4 e5 2. Nc3 Nc6 3. f4 exf4 4. d4 Qh4+ 5. Ke2 d6 6. Nf3 Qe7 7. Bxf4 Nf6 8.
Bg5 h6 9. Bxf6 Qxf6 10. Nd5 Qd8 11. Kf2 Be7 12. Be2 O-O 13. Rf1 Bg4 14. Kg1
Bxf3 15. Bxf3 Bg5 16. Qd3 Ne7 17. Ne3 c6 18. Rf2 Qb6 19. Nc4 Qc7 20. e5 dxe5
21. dxe5 Ng6 22. Re2 Nf4 23. Qe4 Nxe2+ 24. Bxe2 Rae8 25. Bd3 g6 26. Rf1 Re6 27.
h4 f5 28. Qd4 Be7 29. h5 b6 30. Nd6 Bxd6 31. exd6 Qxd6 32. Qc3 Qe5 33. Bc4 Qxc3
34. Bxe6+ 1-0

[Event "Amagermesterskabet Gruppe 2 2014"]
[Site "Sundbyoster"]
[Date "2014.09.23"]
[Round "5"]
[White "Haugaard, Thomas"]
[Black "Petersen, Tobias Christian"]
[Result "1-0"]
[WhiteElo "1639"]
[BlackElo "1629"]
[PlyCount "97"]
[EventDate "2014.??.??"]

1. e4 e6 2. d4 d5 3. Nd2 c5 4. Ngf3 Nc6 5. e5 cxd4 6. Bb5 Bd7 7. O-O Nxe5 8.
Bxd7+ Nxd7 9. Nxd4 Ngf6 10. Re1 Bc5 11. N2b3 Bb6 12. Bg5 Qc7 13. Bh4 a6 14. Bg3
Qd8 15. Nxe6 fxe6 16. Rxe6+ Kf7 17. Qe2 Re8 18. Re1 Ne4 19. Rxe8 Kxe8 20. Qh5+
Kf8 21. Qxh7 Nxg3 22. hxg3 Qf6 23. Qh8+ Kf7 24. Qh5+ Kf8 25. Qh8+ Kf7 26. Qh5+
g6 27. Qh7+ Kf8 28. Qh6+ Kg8 29. Qd2 Kg7 30. c3 Rf8 31. Nd4 Nc5 32. f3 Ne6 33.
Kf1 Nxd4 34. cxd4 Qxd4 35. Qxd4+ Bxd4 36. Rd1 Bxb2 37. Rxd5 Rf7 38. Ke2 Rc7 39.
Kd3 Rc3+ 40. Ke4 Ra3 41. Rd7+ Kh6 42. Rxb7 Rxa2 43. g4 a5 44. Rb8 a4 45. f4 Bc1
46. Kf3 a3 47. Rb7 Rb2 48. g5+ Kh5 49. Rh7# 1-0

[Event "Amagermesterskabet Gruppe 2 2014"]
[Site "Sundbyoster"]
[Date "2014.09.23"]
[Round "5"]
[White "Tolba, Henri"]
[Black "Lundborg, Jakob"]
[Result "1/2-1/2"]
[WhiteElo "1493"]
[BlackElo "1656"]
[PlyCount "104"]
[EventDate "2014.??.??"]

1. c4 b6 2. d4 Bb7 3. Nf3 e6 4. Nc3 Bb4 5. Qc2 Nf6 6. Bg5 h6 7. Bd2 d5 8. Qa4+
Nc6 9. cxd5 Nxd5 10. Nxd5 Bxd2+ 11. Nxd2 Qxd5 12. e3 O-O 13. Rc1 Rfd8 14. Nf3
e5 15. Bc4 Qd6 16. Qb3 Qg6 17. dxe5 Na5 18. Bxf7+ Qxf7 19. Qxf7+ Kxf7 20. Rxc7+
Kf8 21. e6 Re8 22. Rf7+ Kg8 23. Nd4 Bd5 24. O-O Bxe6 25. Rc7 Bxa2 26. b4 Nb3
27. Nf5 g5 28. Rd1 Red8 29. Rdd7 Rxd7 30. Rxd7 a5 31. Nxh6+ Kf8 32. f4 gxf4 33.
Rf7+ Ke8 34. exf4 Rc8 35. Rf6 Rb8 36. bxa5 bxa5 37. f5 Nd4 38. Rd6 Rd8 39. Ra6
Rd5 40. f6 Rb5 41. Ra8+ Kd7 42. f7 Bxf7 43. Nxf7 Rf5 44. Rd8+ Ke6 45. Rxd4 Rxf7
46. h4 Rd7 47. Ra4 Rd5 48. Kf2 Ke5 49. g4 Kf6 50. Ke3 Rb5 51. h5 Kg5 52. Kd3
Rc5 1/2-1/2

[Event "Amagermesterskabet Gruppe 2 2014"]
[Site "Sundbyoster"]
[Date "2014.09.23"]
[Round "5"]
[White "Pedersen, Kim Michael"]
[Black "Nielsen, Angelo"]
[Result "1/2-1/2"]
[WhiteElo "1640"]
[BlackElo "1566"]
[PlyCount "102"]
[EventDate "2014.??.??"]

1. d4 Nf6 2. Nf3 d5 3. Bf4 e6 4. e3 c5 5. c3 Nc6 6. Nbd2 cxd4 7. exd4 Be7 8.
Bd3 O-O 9. Qc2 Bd7 10. Ne5 h6 11. Ndf3 Rc8 12. g4 Nb4 13. Qd2 Nxd3+ 14. Qxd3
Ne4 15. Nd2 b5 16. Nxd7 Qxd7 17. Nxe4 dxe4 18. Qxe4 b4 19. Bd2 bxc3 20. Bxc3 f5
21. Qg2 fxg4 22. Qxg4 Bg5 23. O-O Rf4 24. Qe2 e5 25. dxe5 Rcf8 26. f3 Qc6 27.
Bd2 Rxf3 28. Rxf3 Rxf3 29. Bxg5 hxg5 30. Rf1 Rxf1+ 31. Qxf1 Qc5+ 32. Qf2 Qxe5
33. b3 a5 34. Kg2 Qe4+ 35. Qf3 Qc2+ 36. Qf2 Qe4+ 37. Kg3 Qh4+ 38. Kg2 Qe4+ 39.
Kh3 Qd3+ 40. Kg4 Qd7+ 41. Qf5 Qd1+ 42. Qf3 Qd7+ 43. Kxg5 Qd8+ 44. Kg4 Qd7+ 45.
Kf4 Qd4+ 46. Kg3 Qd6+ 47. Qf4 Qd3+ 48. Kh4 Qd8+ 49. Qg5 Qd4+ 50. Kh5 Qd1+ 51.
Qg4 Qd5+ 1/2-1/2

[Event "Amagermesterskabet Gruppe 2 2014"]
[Site "Sundbyoster"]
[Date "2014.09.23"]
[Round "5"]
[White "Petersen, Christian Skibsted"]
[Black "Pedersen, Thorben Landstrom"]
[Result "1-0"]
[WhiteElo "1520"]
[BlackElo "1623"]
[PlyCount "71"]
[EventDate "2014.??.??"]

1. e4 e5 2. Nf3 d6 3. Bc4 Be7 4. O-O Bg4 5. h3 Bh5 6. c3 Nf6 7. Re1 Nbd7 8. d4
O-O 9. Bg5 c5 10. Nbd2 cxd4 11. cxd4 exd4 12. Qb3 Nc5 13. Qc2 Ne6 14. Bxe6 fxe6
15. Nxd4 Qd7 16. Qb3 Bf7 17. Qd3 e5 18. Nf5 Bd8 19. Qxd6 Bc7 20. Qxd7 Nxd7 21.
Rec1 Bb6 22. Kf1 h6 23. Be3 Bd8 24. Rc2 b5 25. Rac1 Nb6 26. b3 Be6 27. Nd6 Be7
28. Nxb5 Bg5 29. Bxg5 hxg5 30. Nc7 Bf7 31. Nxa8 Rxa8 32. Nf3 Bg6 33. Nxg5 Kf8
34. Rc7 Be8 35. Ne6+ Kg8 36. Rxg7+ 1-0

[Event "Amagermesterskabet Gruppe 2 2014"]
[Site "Sundbyoster"]
[Date "2014.09.30"]
[Round "6"]
[White "Nielsen, Angelo"]
[Black "Haugaard, Thomas"]
[Result "1/2-1/2"]
[WhiteElo "1566"]
[BlackElo "1639"]
[PlyCount "117"]
[EventDate "2014.??.??"]

1. f4 d5 2. Nf3 Nf6 3. e3 Bg4 4. Be2 e6 5. Ne5 Bxe2 6. Qxe2 c6 7. b3 Be7 8. Bb2
Nbd7 9. O-O Nxe5 10. Bxe5 Bd6 11. c4 Bxe5 12. fxe5 Nd7 13. d4 Qe7 14. Nd2 O-O
15. Rf3 f6 16. exf6 Nxf6 17. e4 Rae8 18. c5 e5 19. exd5 cxd5 20. Qxe5 Qxe5 21.
dxe5 Rxe5 22. b4 Rfe8 23. h3 Re1+ 24. Rf1 R1e2 25. Nb3 R8e4 26. a3 Rb2 27. Rfb1
Rc2 28. Re1 Kf7 29. Na5 b6 30. Nb7 Rxe1+ 31. Rxe1 bxc5 32. Nxc5 Rc3 33. Ra1 Ke7
34. Re1+ Kd8 35. a4 Rc4 36. Rb1 Ke7 37. a5 Nd7 38. Re1+ Kd8 39. Ne6+ Kc8 40. b5
g6 41. Ng5 Ra4 42. Re8+ Kc7 43. b6+ axb6 44. axb6+ Nxb6 45. Nxh7 d4 46. Re1 Kd6
47. Ng5 Nc4 48. Nf3 d3 49. Rd1 Ra3 50. Ne1 d2 51. Nf3 Ra2 52. Kf2 Ke6 53. Ke2
Kf5 54. Nxd2 Kf4 55. Ke1 Rxd2 56. Rxd2 Nxd2 57. Kxd2 Kg3 58. Ke2 Kxg2 59. h4
1/2-1/2

[Event "Amagermesterskabet Gruppe 2 2014"]
[Site "Sundbyoster"]
[Date "2014.09.30"]
[Round "6"]
[White "Lundborg, Jakob"]
[Black "Pedersen, Kim Michael"]
[Result "0-1"]
[WhiteElo "1656"]
[BlackElo "1640"]
[PlyCount "52"]
[EventDate "2014.??.??"]

1. d4 d5 2. c4 e5 3. dxe5 d4 4. g3 Nc6 5. Nf3 Be6 6. Qc2 Qd7 7. Bg2 Bc5 8. O-O
Nge7 9. a3 a5 10. Nbd2 Bh3 11. Ne4 Ba7 12. Rd1 Bxg2 13. Kxg2 h5 14. h4 Ng6 15.
c5 O-O-O 16. Bg5 Rde8 17. b4 Ncxe5 18. Rxd4 Qe6 19. Nxe5 Nxe5 20. Rad1 Nc6 21.
Rc4 f5 22. Nc3 Qxc4 23. Qxf5+ Kb8 24. Nd5 Qxe2 25. Nc3 Qe6 26. Rd8+ Nxd8 0-1

[Event "Amagermesterskabet Gruppe 2 2014"]
[Site "Sundbyoster"]
[Date "2014.09.30"]
[Round "6"]
[White "Pedersen, Thorben Landstrom"]
[Black "Petersen, Tobias Christian"]
[Result "0-1"]
[WhiteElo "1623"]
[BlackElo "1629"]
[PlyCount "70"]
[EventDate "2014.??.??"]

1. e4 e6 2. d4 d5 3. exd5 exd5 4. Bd3 Nf6 5. Bg5 Be7 6. Nd2 O-O 7. Ne2 Bg4 8.
f3 Bd7 9. c3 c5 10. dxc5 Bxc5 11. Qc2 h6 12. Bh4 Nc6 13. O-O-O Rc8 14. Nb3 Bb6
15. Kb1 Nb4 16. Qd2 Nxd3 17. Qxd3 Bc6 18. Ned4 Qd6 19. Rhe1 Qxh2 20. Bxf6 gxf6
21. Nf5 Qf4 22. Ne7+ Kg7 23. Nxc8 Rxc8 24. Nd4 Bd7 25. g4 Bxd4 26. cxd4 Rc4 27.
b3 Rb4 28. Qc3 Rb6 29. Rh1 Bb5 30. Rh3 Re6 31. Rdh1 Re3 32. Qc1 Bd3+ 33. Kb2
Re2+ 34. Ka3 Qd6+ 35. b4 Qa6+ 0-1

[Event "Amagermesterskabet Gruppe 2 2014"]
[Site "Sundbyoster"]
[Date "2014.09.30"]
[Round "6"]
[White "Petersen, Christian Skibsted"]
[Black "Tolba, Henri"]
[Result "1-0"]
[WhiteElo "1520"]
[BlackElo "1493"]
[PlyCount "57"]
[EventDate "2014.??.??"]

1. d4 Nf6 2. c4 e6 3. Nf3 Bb4+ 4. Bd2 Bxd2+ 5. Nbxd2 d5 6. e3 O-O 7. Qc2 b6 8.
Ne5 Nfd7 9. f4 Nxe5 10. fxe5 dxc4 11. Bxc4 Bb7 12. Nf3 Nc6 13. a3 Ne7 14. O-O-O
Bd5 15. Kb1 c6 16. h4 Bxc4 17. Qxc4 Qd5 18. Qc2 f5 19. exf6 gxf6 20. e4 Qa5 21.
Qc4 Kf7 22. Rhf1 h6 23. Ne5+ Ke8 24. Nxc6 Nxc6 25. Qxc6+ Ke7 26. Qb7+ Kd6 27.
e5+ fxe5 28. dxe5+ Kxe5 29. Qg7+ 1-0

[Event "Amagermesterskabet Gruppe 2 2014"]
[Site "Sundbyoster"]
[Date "2014.10.21"]
[Round "7"]
[White "Pedersen, Kim Michael"]
[Black "Petersen, Christian Skibsted"]
[Result "1-0"]
[WhiteElo "1640"]
[BlackElo "1520"]
[PlyCount "63"]
[EventDate "2014.??.??"]

1. d4 e6 2. Nf3 d5 3. Bf4 Nf6 4. e3 c5 5. c3 Nc6 6. Nbd2 Be7 7. Bd3 O-O 8. Ne5
Bd6 9. h4 Qc7 10. Ndf3 h6 11. g4 cxd4 12. exd4 Nxg4 13. Rg1 Ngxe5 14. Bxh6
Nxd3+ 15. Qxd3 g6 16. Rxg6+ fxg6 17. Qxg6+ Kh8 18. Bxf8 Bxf8 19. Ng5 Nd8 20.
Qh5+ Kg8 21. O-O-O Qg7 22. Rg1 Qh6 23. Qe8 Nc6 24. f4 Qg7 25. Nf3 Qxg1+ 26.
Nxg1 Ne7 27. Nf3 Nf5 28. Ng5 Nd6 29. Qg6+ Bg7 30. h5 Nf5 31. Qe8+ Bf8 32. Qf7+
1-0

[Event "Amagermesterskabet Gruppe 2 2014"]
[Site "Sundbyoster"]
[Date "2014.10.21"]
[Round "7"]
[White "Haugaard, Thomas"]
[Black "Lundborg, Jakob"]
[Result "0-1"]
[WhiteElo "1639"]
[BlackElo "1656"]
[PlyCount "60"]
[EventDate "2014.??.??"]

1. d4 Nf6 2. c4 e6 3. Nf3 d5 4. g3 Be7 5. Bg2 Nbd7 6. O-O c6 7. Nbd2 O-O 8. Qc2
Rb8 9. Rd1 Re8 10. b3 b5 11. c5 Bf8 12. Bb2 Qe7 13. b4 g6 14. a4 a6 15. axb5
Rxb5 16. Qa4 Qd8 17. Nb3 Bg7 18. e3 Qc7 19. Bf1 Rb8 20. Bxa6 Bxa6 21. Qxa6 Rxb4
22. Nfd2 Ne4 23. Ba3 Rbb8 24. Rdb1 Nc3 25. Rb2 Nb5 26. Na5 Ra8 27. Qb7 Qxb7 28.
Nxb7 Rxa3 29. Rxa3 Nxa3 30. Ra2 Nb5 0-1

[Event "Amagermesterskabet Gruppe 2 2014"]
[Site "Sundbyoster"]
[Date "2014.10.21"]
[Round "7"]
[White "Tolba, Henri"]
[Black "Pedersen, Thorben Landstrom"]
[Result "1-0"]
[WhiteElo "1493"]
[BlackElo "1623"]
[PlyCount "47"]
[EventDate "2014.??.??"]

1. d4 d5 2. Nf3 c6 3. c4 dxc4 4. e4 b5 5. a4 a6 6. axb5 cxb5 7. Bf4 Bb7 8. Nc3
e6 9. Bxb8 Qxb8 10. d5 exd5 11. Nxd5 Qd6 12. Qd2 Nf6 13. Nxf6+ Qxf6 14. O-O-O
Bc6 15. e5 Qg6 16. h4 Be7 17. h5 Qg4 18. e6 O-O 19. exf7+ Kh8 20. Ne5 Qe4 21.
Re1 Bg5 22. Ng6+ hxg6 23. hxg6+ Qh4 24. Rxh4+ 1-0